Представление документа в формате RUSMARC

ПолеНазваниеЗначение
  Тип записи a
  Библиографический уровень m
001 Контрольный номер RU/CBS_UL/BASE/688650176
005 Дата корректировки 20240209175021.7
010 Индекс ISBN __
a ISBN 978-5-9795-2098-8
d Цена 30 р. 00 к.
9 Тираж 500 экз.
100 Данные общей обработки __
a Данные общей обработки 20180202d2018 ||| 0rusy0189 ca
101 Язык документа 0_
a Язык текста rus
102 Страна публикации __
a Страна публикации RU
105 Кодированные данные (монография) __
a Кодированные данные (монография) y###||||000|y
181 Поле кодированных данных: вид содержания _1
a Код вида содержания (ISBD) i#
b Код характеристики содержания (ISBD) #xxe##
d i
g x
h x
i e
182 Поле кодированных данных: тип средства _1
a Код типа средства (ISBD) n
2 Код системы (источник кода, отличный от ISBD) isbdmedia
200 Заглавие и сведения об ответственности 1_
a Заглавие Интеграционный потенциал волонтерской деятельности: возможности реализации в образовательной среде вуза
b Общее обозначение материала Текст
e Сведения, относящиеся к заглавию монография
f Первые сведения об ответственности М. И. Лукьянова, Н. В. Грувер
w Текст (визуальный) : непосредственный
203 Вид содержания и тип средства __
a Вид содержания Текст
b Характеристика содержания визуальный
c Тип средства непосредственный
210 Выходные данные 1_
a Место издания Ульяновск
c Издательство УлГТУ
d Дата издания 2021
215 Физическое описание __
a Объем 255 с.
d Формат 20 см.
333 Примечание о целевом назначении __
a Примечание о целевом назначении 16+
606 Тематические рубрики 0_
a Основная рубрика Молодежные организации - Волонтеры
610 Ключевые слова 0_
a Ключевые слова деятельность педагогическая
a Ключевые слова деятельность волонтерская
a Ключевые слова движения социальные
a Ключевые слова социология педагогическая
a Ключевые слова студенты
a Ключевые слова развитие личности
a Ключевые слова пособия учебные
686 Индексы других классификаций __
a Классификационный индекс 66.75(2Рос)
2 Код системы ББК
700 Автор _1
a Фамилия Лукьянова
b Имя (инициалы) Маргарита Ивановна
g Полное личное имя М. И.
701 Альтернативная интеллектуальная ответственность _1
a Фамилия Грувер
b Имя (инициалы) Н. В.
801 Источник записи _0
a Страна RU
b Организация МБУК ЦБС
c Дата составления 20180202
g Правила каталогизации RCR
801 Источник записи _1
a Страна RU
b Организация МБУК ЦБС г. Ульяновска
c Дата составления 20180202
g Правила каталогизации RCR
899 Данные о местонахождении __
i Авторский знак Л 84
j Расстановочный фильтр 66.75(2)
901 Тип документа __
t Тип документа m
910 Корректоры записи __
a Корректор записи Мазина